ბათუმის შოთა რუსთაველის სახელმწიფო უნივერსიტეტის ბიბლიოთეკა

ჩანაწერი Personal Name

ჩანაწერთა რაოდენობა, რომელიც გამოყენებულია: 2

001 - CONTROL NUMBER

  • control field: 11909

003 - CONTROL NUMBER IDENTIFIER

  • control field: GE_BSU

005 - DATE AND TIME OF LATEST TRANSACTION

  • control field: 20210528132028.0

008 - FIXED-LENGTH DATA ELEMENTS

  • fixed length control field: 210528|| aca||aabn | a|a d

040 ## - CATALOGING SOURCE

  • Original cataloging agency: GE_BSU
  • Transcribing agency: GE_BSU

100 ## - HEADING--PERSONAL NAME

  • Personal name: კენჭოშვილი, სალომე
  • Relator term: მთარგმნელი

670 ## - SOURCE DATA FOUND

  • Source citation: Work cat.: (GE_BSU)49306: ეკო, უმბერტო 10255, როგორ დავწეროთ საკვალიფიკაციო ნაშრომი :